Method for the boehm flute
Saved in:
| Main Author: | |
|---|---|
| Format: | Book |
| Language: | English |
| Published: |
Nueva York
Carl Fischer
1918
|
| Subjects: | |
| Tags: |
Add Tag
No Tags, Be the first to tag this record!
|
MARC
| LEADER | 00000nam a2200000 a 4500 | ||
|---|---|---|---|
| 001 | UCN6184 | ||
| 003 | CL-VaPUC | ||
| 005 | 20211229151356.0 | ||
| 008 | 010913e19180000US |||||||||||||||||eng|d | ||
| 999 | |c 297202 |d 297200 | ||
| 040 | |c Pontificia Universidad Católica de Valparaíso | ||
| 082 | 0 | 4 | |a Ft788.32193 ALT 1918 |2 21 |
| 100 | 0 | |a Altès, H |e author |9 462025 | |
| 245 | 1 | 0 | |a Method for the boehm flute |
| 260 | |a Nueva York |b Carl Fischer |c 1918 | ||
| 300 | |a 87 p | ||
| 583 | |a last modification |c 20010913 00:00:00 |k Rodrigo Vera | ||
| 650 | 7 | |a FLAUTA TRAVERSA - ESTUDIO E INSTRUCCION |2 CL-VaPUC |9 462026 | |
| 650 | 7 | |a FLAUTA TRAVERSA - TECNICAS DE EJECUCION |2 CL-VaPUC |9 462027 | |
| 650 | 7 | |a FLAUTA TRAVERSA - EJERCICIOS |2 CL-VaPUC |9 462028 | |
| 942 | |c BK |2 ddc | ||
| 945 | |d 20010913 00:00:00 |a crobeson | ||
| 952 | |0 0 |1 0 |2 ddc |4 0 |6 FT_788_321930000000000_ALT_1918 |7 0 |8 F |9 351721 |a BIBEDU |b BIBEDU |d 2019-11-21 |i 1164937 |o Ft788.32193 ALT 1918 |p 1164937 |r 2023-11-22 |w 2019-11-21 |y BK_F |k MUS | ||